00537nam a2200169Ia 4500008004100000041000800041082001600049100002200065245004700087260003100134300001200165650001200177650001900189906001900208999001900227952012100246210719s1899 xx 000 0 und d aeng a954.87 BOWR aBOWRING (Lewin B) aRulers of India:Haidar Ali and Tipu sultan bUniversity of Oxfordc1899 a251bHB aHistory aIndian History aIndia ; Rulers c215970d215970 001040728HistoryaALbALd2020-07-29eGeneral Annuall0o954.87 BOWRpD04605r2021-07-19 00:00:00w2021-07-19yDB